Équipe des Pays-Bas de Football - Tous les joueurs (2000-..) - Statistiques

Statistiques générales
  • Ce quiz a été pris 1 532 fois
    271 depuis la dernière actualisation
  • Le résultat moyen est 44 sur 201
Statistiques - réponses
Première sélection Dernière sélection Joueur Nb de sélections % Correct
2023 Micky van de Ven 16
97%
2013 Memphis Depay 106
92%
2015 Virgil van Dijk 86
92%
2018 Frenkie de Jong 62
89%
2011 2022 Luuk de Jong 39
89%
2004 2015 Nigel de Jong 81
89%
2010 2013 Siem de Jong 6
89%
2005 2017 Robin van Persie 102
88%
2003 2017 Arjen Robben 96
84%
2003 2018 Wesley Sneijder 134
77%
1995 2008 Edwin van der Sar 130
75%
1990 2004 Frank de Boer 112
72%
1993 2003 Ronald de Boer 67
72%
2017 Matthijs de Ligt 51
71%
1998 2011 Ruud van Nistelrooy 70
69%
2001 2013 Rafael van der Vaart 109
65%
1994 2008 Clarence Seedorf 87
64%
2013 2023 Jasper Cillessen 65
63%
2021 Cody Gakpo 44
59%
2023 Xavi Simons 31
59%
2011 Georginio Wijnaldum 96
58%
2006 2015 Klaas-Jan Huntelaar 76
57%
2018 Denzel Dumfries 69
56%
2004 2014 Dirk Kuyt 104
56%
2000 2012 Mark van Bommel 79
56%
2018 Justin Kluivert 10
55%
1994 2004 Patrick Kluivert 79
55%
1996 2010 Giovanni van Bronckhorst 106
54%
2009 2015 Gregory van der Wiel 46
54%
2012 Stefan de Vrij 77
54%
2013 2024 Daley Blind 108
53%
2017 Nathan Aké 56
53%
1994 2005 Edgar Davids 74
52%
2017 2021 Donny van de Beek 19
51%
1990 2000 Dennis Bergkamp 79
50%
2005 2021 Ryan Babel 69
44%
2014 Davy Klaassen 41
43%
2004 2021 Maarten Stekelenburg 63
43%
2018 Wout Weghorst 49
43%
2021 Jurriën Timber 21
42%
2024 Quinten Timber 7
42%
2021 Ryan Gravenberch 23
41%
1996 2004 Jaap Stam 67
40%
2023 Jeremie Frimpong 14
39%
2019 Donyell Malen 47
37%
1993 2004 Marc Overmars 86
37%
2018 Steven Bergwijn 35
34%
2011 2021 Tim Krul 15
34%
2007 2016 Ibrahim Afellay 53
33%
2023 Tijjani Reijnders 27
33%
2014 2021 Quincy Promes 50
32%
2004 2013 John Heitinga 87
31%
2011 2019 Kevin Strootman 46
31%
2023 Bart Verbruggen 24
30%
2004 2004 Dave van den Bergh 2
30%
2015 2021 Kenny Tete 14
28%
1996 2006 Phillip Cocu 101
28%
2016 Steven Berghuis 46
28%
2020 Teun Koopmeiners 25
28%
1996 2005 Roy Makaay 43
27%
2016 Marten de Roon 42
26%
2021 Noa Lang 14
26%
2004 2012 Joris Mathijsen 84
24%
2004 2012 Khalid Boulahrouz 35
23%
2021 Tyrell Malacia 9
23%
2025 Ian Maatsen 1
21%
2012 2017 Marco van Ginkel 8
21%
1997 2004 Boudewijn Zenden 54
20%
2012 Bruno Martins Indi 36
20%
2010 2017 Jeremain Lens 34
20%
2013 2021 Joël Veltman 28
20%
2008 2014 Michel Vorm 15
20%
2023 Brian Brobbey 8
19%
2009 2018 Eljero Elia 30
19%
2010 2014 Leroy Fer 11
19%
1999 2010 André Ooijer 55
18%
2022 Kenneth Taylor 5
18%
2023 Lutsharel Geertruida 17
18%
2004 2004 Collins John 2
17%
2012 2016 Jordy Clasie 17
17%
2023 Jorrel Hato 6
17%
2024 Joshua Zirkzee 6
17%
2013 2013 Ola John 1
17%
2020 2021 Owen Wijndal 11
17%
2005 2014 Ron Vlaar 32
17%
2010 2010 Royston Drenthe 1
17%
2018 Hans Hateboer 13
15%
1998 2002 Jimmy Floyd Hasselbaink 23
15%
2020 2020 Marco Bizot 1
15%
1994 2004 Michael Reiziger 74
15%
2000 2012 Wilfred Bouma 37
15%
2015 2018 Bas Dost 18
14%
2019 Calvin Stengs 8
14%
2024 Jan Paul van Hecke 7
14%
2022 Jerdy Schouten 14
14%
2023 Joey Veerman 16
14%
2014 2017 Karim Rekik 4
14%
2006 2011 Theo Janssen 5
14%
2006 2012 Urby Emanuelson 16
14%
2016 2022 Vincent Janssen 22
14%
2012 2018 Daryl Janmaat 34
13%
2000 2009 Jan Vennegoor of Hesselink 19
13%
2010 2016 Jeffrey Bruma 25
13%
2021 Justin Bijlow 8
13%
2007 2010 Demy de Zeeuw 27
12%
2013 2018 Jeroen Zoet 11
12%
2022 Mark Flekken 10
12%
2023 Thijs Dallinga 1
12%
2018 Guus Til 6
11%
1994 2004 Pierre van Hooijdonk 46
11%
2022 2022 Remko Pasveer 2
11%
1987 2000 Aron Winter 84
10%
2019 2019 Myron Boadu 1
10%
2013 2021 Patrick van Aanholt 19
10%
2025 Sem Steijn 1
10%
2017 2018 Timothy Fosu-Mensah 3
10%
2012 2016 Jetro Willems 22
9%
2013 2015 Jonathan de Guzman 14
9%
2022 2022 Andries Noppert 5
8%
2015 2015 Anwar El Ghazi 2
8%
2018 2022 Arnaut Groeneveld 6
8%
2015 2019 Davy Pröpper 19
8%
2022 Jordan Teze 4
8%
2000 2008 Mario Melchiot 22
8%
2002 2004 Andy van der Meyde 17
7%
2012 2016 Luciano Narsingh 19
7%
2016 Rick Karsdorp 3
7%
2010 2014 Ricky van Wolfswinkel 2
7%
1992 2002 Arthur Numan 45
6%
2001 2008 Denny Landzaat 38
6%
1992 2000 Ed de Goey 31
6%
2009 2011 Edson Braafheid 10
6%
2005 2011 Hedwiges Maduro 18
6%
2004 2006 Jan Kromkamp 11
6%
2012 2015 Kenneth Vermeer 5
6%
2023 Mats Wieffer 14
6%
2018 2018 Pablo Rosario 1
6%
2014 2018 Terence Kongolo 4
6%
2010 2010 Vurnon Anita 3
6%
1995 2000 Winston Bogarde 20
6%
2021 Devyne Rensch 2
5%
2010 2014 Erik Pieters 18
5%
2014 2014 Jean-Paul Boëtius 1
5%
2007 2010 Orlando Engelaar 14
5%
2000 2004 Paul Bosvelt 24
5%
2023 Quilindschy Hartman 5
5%
2015 2016 Riechedly Bazoer 6
5%
2006 2016 Stijn Schaars 24
5%
2005 2008 Tim de Cler 17
5%
2016 2018 Tonny Vilhena 15
5%
2017 2017 Wesley Hoedt 6
5%
2018 2018 Javairô Dilrosun 1
4%
2012 2014 Ricardo van Rhijn 8
4%
2018 2018 Ruud Vormer 4
4%
2012 2013 Adam Maher 5
3%
1999 2000 Bert Konterman 12
3%
2005 2008 Henk Timmer 7
3%
2015 2015 Jairo Riedewald 3
3%
2006 2007 Kew Jaliens 15
3%
2012 2017 Nick Viergever 3
3%
2009 2009 Otman Bakkal 1
3%
2013 2014 Paul Verhaegh 3
3%
1992 2000 Peter van Vossen 31
3%
2004 2007 Romeo Castelen 10
3%
1999 2001 Sander Westerveld 6
3%
2000 2003 Fernando Ricksen 12
2%
2016 2016 Jorrit Hendrix 1
2%
2000 2006 Kevin Hofland 7
2%
2006 2006 Martijn Meerdink 1
2%
1990 2000 Richard Witschge 31
2%
2010 2010 Sander Boschker 1
2%
2007 2007 Andwélé Slory 2
1%
2000 2000 Arnold Bruggink 2
1%
2005 2006 Barry Opdam 8
1%
2016 2017 Bart Ramselaar 3
1%
2007 2009 David Mendes da Silva 7
1%
2008 2010 Dirk Marcellis 3
1%
2001 2006 George Boateng 4
1%
1998 2000 Jeffrey Talan 8
1%
2013 2017 Jens Toornstra 4
1%
2016 2016 Joshua Brenet 2
1%
2000 2002 Patrick Paauwe 5
1%
2010 2011 Peter Wisgerhof 2
1%
2009 2009 Piet Velthuizen 1
1%
2001 2004 Ronald Waterreus 7
1%
2010 2011 Roy Beerens 2
1%
2005 2005 Theo Lucius 3
1%
2009 2010 Wout Brama 3
1%
2004 2004 Barry van Galen 1
0%
2006 2007 Danny Koevermans 4
0%
2013 2013 Dwight Tiendalli 2
0%
2009 2010 Glenn Loovens 2
0%
1998 2001 Marc van Hintum 8
0%
2013 2013 Miquel Nelom 2
0%
2006 2006 Nicky Hofs 1
0%
2001 2001 Niels Oude Kamphuis 1
0%
2004 2004 Romano Denneboom 1
0%
2012 2013 Ruben Schaken 7
0%
2005 2005 Ugur Yildirim 1
0%
2001 2002 Victor Sikora 6
0%
1994 2001 Youri Mulder 9
0%
Aucun quiz correspondant
Distribution des résultats
% des personnes avec chaque résultat
Percentile par nombre de réponses
Votre historique - résultats
Vous n’avez pas pris ce quiz depuis la dernière actualisation